| 000 | 00490nam a22001577a 4500 | ||
|---|---|---|---|
| 003 | macl | ||
| 005 | 20201024164444.0 | ||
| 008 | 201024b xxu||||| |||| 00| 0 eng d | ||
| 040 | _cmacl | ||
| 082 | _a630 | ||
| 100 |
_aधामा, तेजपाल सिंह _976373 |
||
| 245 | _aगौ का गौरव (गौ विश्वकोश ) | ||
| 260 |
_aदिल्ली _bसूरज प्रकाशन _c2019 |
||
| 650 |
_aकृषि _951023 |
||
| 942 |
_2ddc _cHIN |
||
| 999 |
_c63822 _d63822 |
||